[Event "Gibraltar Masters"]
[Site "Caleta ENG"]
[Date "2011.01.26"]
[Round "2.96"]
[White "Zanetti, Bruno"]
[Black "Boesch, Heinz"]
[Result "1-0"]
[WhiteElo "2017"]
[BlackElo "1899"]
[WhiteFideId "1306669"]
[BlackFideId "4673824"]
[EventDate "2011.01.25"]

1. d4 d5 2. c4 c6 3. Nf3 Nf6 4. Bg5 e6 5. e3 Be7 6. Nc3 Nbd7 7. Qc2 a6 8. Be2 b5
9. cxd5 cxd5 10. O-O Bb7 11. a3 Rc8 12. Nd2 Qc7 13. Rfc1 Nb6 14. Nb3 Ne4 15.
Bxe7 Qxe7 16. Qd3 O-O 17. Nxe4 dxe4 18. Qd2 Nd7 19. Rxc8 Rxc8 20. Rc1 Qd8 21.
Rc3 Rxc3 22. Qxc3 Qb6 23. Nc5 Nxc5 24. dxc5 Qc7 25. f3 exf3 26. Bxf3 Bxf3 27.
gxf3 Qc6 28. Kf2 f6 29. Qd4 Kf7 30. b4 e5 31. Qd3 a5 32. e4 Qc8 33. Qd5+ Kg6 34.
Kg2 Kh5 35. Qf7+ Kh4 36. Qxg7 Qh3+ 37. Kg1 1-0

[Event "Gibraltar Masters"]
[Site "Caleta ENG"]
[Date "2011.01.26"]
[Round "2.98"]
[White "Flores Chico, Jorge"]
[Black "Winkler, Stefan1"]
[Result "1/2-1/2"]
[WhiteElo "1999"]
[BlackElo "1867"]
[WhiteFideId "2231310"]
[BlackFideId "4698142"]
[EventDate "2011.01.25"]

1. e4 e6 2. d4 d5 3. e5 c5 4. c3 Nc6 5. Nf3 Bd7 6. dxc5 Bxc5 7. b4 Bb6 8. b5 Na5
9. Bd3 f6 10. O-O Nc4 11. Na3 Qc7 12. Bxc4 dxc4 13. Qe2 Rc8 14. Nc2 f5 15. a4
Ne7 16. Ncd4 Nd5 17. Qd2 O-O 18. Ba3 Bc5 19. Bxc5 Qxc5 20. Rad1 Qa3 21. Ng5 Qxc3
22. Ndxe6 Qxd2 23. Rxd2 Bxe6 24. Nxe6 Rfe8 25. Rxd5 Rxe6 26. f4 Re7 27. Rc1 c3
28. Rc2 Rec7 29. Rd3 Kf7 30. Kf2 Ke7 31. Rd4 g6 32. g3 Ke6 33. Ke3 Rc5 34. Rd6+
Ke7 35. Kd3 R8c7 36. Rd4 Rc8 37. Ke2 R8c7 38. Ke3 Rc8 39. Kf2 Ke6 40. Ke2 Ke7
41. Kd1 g5 42. Ke2 gxf4 43. gxf4 Rg8 44. Kf3 Rg6 45. Rd3 Rh6 46. Kg2 Rh4 47.
Rcxc3 Rxc3 48. Rxc3 Rxf4 49. Rc7+ Ke6 1/2-1/2

[Event "Gibraltar Masters"]
[Site "Caleta ENG"]
[Date "2011.01.26"]
[Round "2.99"]
[White "Cebada Benitez, Fernando"]
[Black "Reid, Vaness"]
[Result "1-0"]
[BlackTitle "WFM"]
[WhiteElo "1997"]
[BlackElo "1841"]
[WhiteFideId "2224674"]
[BlackFideId "3205835"]
[EventDate "2011.01.25"]

1. e4 e6 2. d4 d5 3. Nd2 Nf6 4. e5 Nfd7 5. Bd3 c5 6. c3 Nc6 7. Ne2 Qb6 8. Nf3 f6
9. exf6 Nxf6 10. O-O cxd4 11. cxd4 Bd6 12. a3 Bd7 13. Re1 O-O 14. b4 e5 15. dxe5
Nxe5 16. Ned4 Nfg4 17. Be3 Nxe3 18. Rxe3 Nxd3 19. Qxd3 Bf4 20. Re7 Qd6 21. Rae1
Rf6 22. Nb5 Bxb5 23. Qxb5 b6 24. Rd7 Qc6 25. Qxd5+ Qxd5 26. Rxd5 Rc6 27. g3 Bh6
28. Red1 Rf8 29. Rd8 Rf6 30. Rxf8+ Kxf8 31. Ne5 Re6 32. f4 g5 33. Rd8+ Re8 34.
Nd7+ Ke7 35. Rxe8+ Kxe8 36. Nf6+ Kf7 37. Ng4 Bg7 38. fxg5 b5 39. Ne3 Ke6 40. Kf2
Bb2 41. Nc2 Kf5 42. h4 Kg4 43. Kg2 Bc1 44. Kf2 a6 45. Kg2 Bd2 46. Kf2 Bc1 47.
Ne3+ Kh3 48. h5 Bxa3 49. g6 hxg6 50. hxg6 Bb2 51. Nf5 1-0

[Event "Gibraltar Masters"]
[Site "Caleta ENG"]
[Date "2011.01.26"]
[Round "2.100"]
[White "Matto, Manuel"]
[Black "Shepherd, Michael"]
[Result "0-1"]
[WhiteElo "1838"]
[BlackElo "1999"]
[WhiteFideId "413062"]
[BlackFideId "2401444"]
[EventDate "2011.01.25"]

1. e4 c5 2. Nc3 Nc6 3. Nf3 d6 4. d4 cxd4 5. Nxd4 Nf6 6. h3 e5 7. Nf3 Be7 8. Be3
a6 9. a3 b5 10. Bd3 O-O 11. g4 Be6 12. Nh2 d5 13. exd5 Nxd5 14. Nxd5 Qxd5 15.
O-O e4 16. Be2 Qe5 17. Re1 Rad8 18. Qc1 Bd6 19. Nf1 Nd4 20. Bxd4 Qxd4 21. c3 Qe5
22. Bf3 f5 23. Bg2 fxg4 24. Rxe4 Qf5 25. hxg4 Qxf2+ 26. Kh1 Qh4+ 27. Kg1 Rxf1+
28. Qxf1 Bc5+ 29. Rd4 Rxd4 30. b4 Rxb4+ 0-1

[Event "Gibraltar Masters"]
[Site "Caleta ENG"]
[Date "2011.01.26"]
[Round "2.101"]
[White "Lee, Kai Jie Edward"]
[Black "Khachatourian, Yerazik"]
[Result "0-1"]
[WhiteElo "1833"]
[BlackElo "1996"]
[WhiteFideId "5802920"]
[BlackFideId "12501948"]
[EventDate "2011.01.25"]

1. e4 e5 2. Nf3 Nf6 3. Nxe5 d6 4. Nf3 Nxe4 5. Nc3 Nxc3 6. dxc3 Be7 7. Bf4 Nc6 8.
Qd2 Be6 9. O-O-O Qd7 10. Kb1 O-O 11. h3 Na5 12. Nd4 Bc4 13. Bd3 Bxd3 14. Qxd3 a6
15. g4 Bf6 16. Nf5 Qa4 17. Bc1 Rfe8 18. g5 Be7 19. Rhg1 Qc4 20. Qf3 Nc6 21. Rg4
Qe6 22. Re4 Ne5 23. Qf4 f6 24. Nxe7+ Rxe7 25. gxf6 Qxf6 26. Qg3 Qg6 27. Qh4 Rae8
28. Rde1 Re6 29. f4 Nc6 30. Rxe6 Rxe6 31. Rd1 Re2 32. Rd3 b5 33. a4 Qf5 34. axb5
axb5 35. Qg3 b4 36. Qf3 Qe4 37. Qg4 b3 38. Qc8+ Kf7 39. Qxc7+ Ne7 40. Qxd6 bxc2+
41. Ka2 Re1 42. Rd4 Qa8+ 43. Qa3 Qxa3+ 44. Kxa3 Rxc1 45. Kb3 Rd1 46. Kxc2 Rxd4
47. cxd4 Nd5 48. Kd3 Nxf4+ 49. Ke4 Nxh3 50. b4 Ke6 51. b5 Ng5+ 52. Kd3 Kd5 53.
Kc3 Ne6 54. Kb4 Nxd4 55. Ka5 Nxb5 0-1

[Event "Gibraltar Masters"]
[Site "Caleta ENG"]
[Date "2011.01.26"]
[Round "2.102"]
[White "Phillips, Owen S"]
[Black "Salomon, Johan"]
[Result "1/2-1/2"]
[WhiteElo "1992"]
[BlackElo "1836"]
[WhiteFideId "417882"]
[BlackFideId "1509500"]
[EventDate "2011.01.25"]

1. e4 c5 2. Nf3 d6 3. d4 cxd4 4. Nxd4 Nf6 5. Nc3 a6 6. Rg1 e5 7. Nb3 Be6 8. g4
Nc6 9. Be3 d5 10. exd5 Nxd5 11. Nxd5 Bxd5 12. Qd2 Be4 13. Qxd8+ Rxd8 14. c3 h5
15. g5 Be7 16. Bb6 Rd7 17. Nc5 Bxc5 18. Bxc5 Rd5 19. Be3 O-O 20. Bc4 Rd7 21. g6
Nd8 22. Bb6 Ne6 23. gxf7+ Kxf7 24. Rd1 Rxd1+ 25. Kxd1 g6 26. Kd2 Rc8 27. Bb3 Rc6
28. Ba7 Kf6 29. Bxe6 Kxe6 30. Be3 b5 31. f3 Bxf3 32. Rxg6+ Kf5 1/2-1/2

[Event "Gibraltar Masters"]
[Site "Caleta ENG"]
[Date "2011.01.26"]
[Round "2.103"]
[White "Costello, Colin A"]
[Black "Gonzalez Amaya, Millan"]
[Result "1-0"]
[WhiteElo "1975"]
[BlackElo "1817"]
[WhiteFideId "403580"]
[BlackFideId "2262991"]
[EventDate "2011.01.25"]

1. c4 Nf6 2. g3 g6 3. Nc3 d5 4. cxd5 Nxd5 5. Bg2 Nxc3 6. bxc3 Bg7 7. Rb1 c6 8.
Nf3 Qc7 9. O-O O-O 10. e4 Be6 11. a4 Bc4 12. d3 Rd8 13. Nd4 Bxd4 14. cxd4 Rxd4
15. Bh6 e5 16. Rb4 Rxd3 17. Qc2 Ba6 18. Rfb1 Rd6 19. Bf1 b6 20. Qc3 Qe7 21. f4
Bxf1 22. Rxf1 Nd7 23. a5 Rb8 24. axb6 axb6 25. Ra1 c5 26. Rba4 f6 27. Ra7 Rd4
28. Qb3+ Qf7 29. Qb5 Rd8 30. fxe5 fxe5 31. Ra8 Nf8 32. Rf1 Rd1 33. Rxd8 1-0

[Event "Gibraltar Masters"]
[Site "Caleta ENG"]
[Date "2011.01.26"]
[Round "2.104"]
[White "Hegvik, Leif Trygve"]
[Black "Lundback, Karl"]
[Result "1-0"]
[WhiteElo "1814"]
[BlackElo "1969"]
[WhiteFideId "1507176"]
[BlackFideId "1716026"]
[EventDate "2011.01.25"]

1. e4 e5 2. Nf3 Nf6 3. Nxe5 Nxe4 4. Qe2 Qe7 5. Qxe4 d6 6. d4 dxe5 7. dxe5 Nc6 8.
Bb5 Bd7 9. O-O O-O-O 10. c4 Nxe5 11. Nc3 Nc6 12. Bf4 g5 13. Bg3 f5 14. Qxe7 Bxe7
15. Nd5 Bc5 16. Bxc7 Rde8 17. Rfe1 Bd4 18. Rab1 Bxb2 19. Bd6 Rxe1+ 20. Rxe1 Re8
21. Kf1 Rxe1+ 22. Kxe1 Nd4 23. Bxd7+ Kxd7 24. Bb8 Nc6 25. Bc7 Ke6 26. Kd2 b5 27.
cxb5 Kxd5 28. bxc6 Bf6 29. Bb8 Kxc6 30. Bxa7 Be5 31. h3 h5 32. Kd3 Kd5 33. Be3 1-0

[Event "Gibraltar Masters"]
[Site "Caleta ENG"]
[Date "2011.01.26"]
[Round "2.105"]
[White "De Lillo, Michele"]
[Black "Bishop, Peter"]
[Result "1-0"]
[WhiteElo "1964"]
[BlackElo "1784"]
[WhiteFideId "814504"]
[BlackFideId "613053"]
[EventDate "2011.01.25"]

1. Nf3 f5 2. d4 g6 3. g3 Bg7 4. Bg2 Nf6 5. c4 c6 6. Nc3 Na6 7. O-O Nc7 8. Bg5
O-O 9. Qd2 a5 10. Bh6 a4 11. Bxg7 Kxg7 12. d5 h6 13. Rad1 Re8 14. Ne5 c5 15. f4
d6 16. Nf3 Bd7 17. Qd3 Rb8 18. e4 fxe4 19. Nxe4 Nxe4 20. Qxe4 Bf5 21. Qe3 b5 22.
Nh4 Qd7 23. Be4 Rf8 24. Bxf5 gxf5 25. Rfe1 Rf7 26. b3 bxc4 27. bxc4 Rb4 28. Qd3
Rb7 29. Rb1 Rxb1 30. Rxb1 e6 31. dxe6 Nxe6 32. Nxf5+ Kf6 33. Nh4 Nxf4 34. Rf1 1-0

[Event "Gibraltar Masters"]
[Site "Caleta ENG"]
[Date "2011.01.26"]
[Round "2.106"]
[White "Gholami, Armin"]
[Black "Christiansen, Johan-Sebastian"]
[Result "1-0"]
[WhiteElo "1779"]
[BlackElo "1955"]
[WhiteFideId "1510487"]
[BlackFideId "1512668"]
[EventDate "2011.01.25"]

1. e4 d5 2. exd5 Nf6 3. d4 Nxd5 4. Nf3 Bf5 5. Bd3 Bxd3 6. Qxd3 Nc6 7. O-O e6 8.
Re1 Be7 9. a3 O-O 10. c4 Nf6 11. Nc3 Qd7 12. Bf4 Rfd8 13. Rad1 a6 14. h3 Bc5 15.
Be3 Ba7 16. Ne4 Ne8 17. Neg5 f5 18. Bf4 Nxd4 19. Nxd4 Qxd4 20. Qe2 Qf6 21. Rxd8
Rxd8 22. Nxe6 Rc8 23. c5 h6 24. Qc4 Kh7 25. Be5 Qe7 26. h4 Kh8 27. b4 b6 28. Nf4
Kh7 29. Qxa6 Ra8 30. Qb7 Qd8 31. Ne6 Qc8 32. Qf3 g6 33. Nf8+ Kg8 34. Nxg6 Kh7
35. Ne7 Qe6 36. Bc3 Qf7 37. Qxa8 bxc5 38. Qxa7 cxb4 39. axb4 Nd6 40. Qd4 Qf8 41.
Nd5 Nb5 42. Re7+ Kg6 43. Nf4# 1-0

[Event "Gibraltar Masters"]
[Site "Caleta ENG"]
[Date "2011.01.26"]
[Round "2.107"]
[White "Valhondo Morales, Ruben"]
[Black "Rough, Robert E"]
[Result "1-0"]
[WhiteElo "1948"]
[BlackElo "1742"]
[WhiteFideId "22202692"]
[BlackFideId "2403030"]
[EventDate "2011.01.25"]

1. d4 Nf6 2. Nf3 b5 3. Bf4 Bb7 4. e3 a6 5. a4 b4 6. Nbd2 e6 7. Bd3 d5 8. Nb3 a5
9. Ne5 Be7 10. Qf3 Ne4 11. Nxf7 1-0

[Event "Gibraltar Masters"]
[Site "Caleta ENG"]
[Date "2011.01.26"]
[Round "2.108"]
[White "Forsa, Elise"]
[Black "Hauge, Lars Oskar"]
[Result "0-1"]
[WhiteElo "1726"]
[BlackElo "1942"]
[WhiteFideId "1500163"]
[BlackFideId "1509276"]
[EventDate "2011.01.25"]

1. e4 c5 2. Nf3 d6 3. d4 cxd4 4. Nxd4 Nf6 5. Nc3 a6 6. Be2 e5 7. Nb3 Be7 8. Be3
O-O 9. f3 Be6 10. Qd2 Qc7 11. O-O b5 12. a3 Nbd7 13. Bf2 Rfd8 14. Rfd1 Nb6 15.
Bd3 d5 16. exd5 Nbxd5 17. Nxd5 Nxd5 18. Bg3 Bf6 19. Qe1 Rac8 20. Kh1 Nb6 21. Nd2
Na4 22. Rab1 Nc5 23. Ne4 Nxe4 24. Bxe4 g6 25. Qe2 Bc4 26. Qe1 Be7 27. Bd3 Bxd3
28. Bxe5 Qxc2 29. Bc3 Qe2 30. Qxe2 Bxe2 31. Re1 Bd3 32. Rbd1 Bf8 33. Ba5 Rd7 34.
Re3 Bf5 35. Rde1 Be6 0-1

[Event "Gibraltar Masters"]
[Site "Caleta ENG"]
[Date "2011.01.26"]
[Round "2.109"]
[White "Garcia De Lomas Guerrero, Carlos"]
[Black "Neumanova, Monika"]
[Result "0-1"]
[WhiteElo "1940"]
[BlackElo "1712"]
[WhiteFideId "2245876"]
[BlackFideId "323918"]
[EventDate "2011.01.25"]

1. e4 c5 2. Nf3 Nc6 3. d4 cxd4 4. Nxd4 e6 5. Nxc6 bxc6 6. Bd3 Qc7 7. Qe2 g6 8.
Bd2 Bg7 9. Bc3 Nf6 10. O-O O-O 11. f4 Re8 12. Nd2 d5 13. e5 Nd7 14. Kh1 a6 15.
b3 Bb7 16. Qg4 a5 17. h4 h5 18. Qg3 Nf8 19. Rae1 c5 20. Rf2 Re7 21. Qg5 Nh7 22.
Qg3 Nf8 23. a3 Ba6 24. Bxa6 Rxa6 25. Qd3 Ra8 26. g4 hxg4 27. Rg1 d4 28. Bb2 f5
29. exf6 Bxf6 30. Rxg4 Rh7 31. Rh2 Qc6+ 32. Kg1 Qd5 33. Ne4 Qf5 34. Nxf6+ Qxf6
35. h5 Rh6 36. Rhg2 Kf7 37. Qb5 Qe7 38. Qc6 Ra7 39. Qe4 Qf6 40. hxg6+ Rxg6 41.
Rg5 Rxg5 42. Rxg5 Rc7 43. b4 axb4 44. axb4 cxb4 45. Bxd4 Qd8 46. Rg7+ Ke8 47.
Rg8 Kf7 48. Rg7+ Ke8 49. Rg3 Rc4 50. Rd3 Rxc2 51. Bf2 Qe7 52. Rb3 Qg7+ 53. Rg3
Qa1+ 54. Kg2 Qa2 55. Rf3 b3 56. Qb7 b2 57. Qb8+ Ke7 58. Qb4+ Kf7 59. Qb7+ Kf6
60. f5 exf5 61. Qe4 Rxf2+ 62. Rxf2 b1=Q 63. Qd4+ Kg6 64. Rxa2 Qxa2+ 65. Kf1 Qb1+
66. Kf2 Ne6 67. Qh8 Qb6+ 68. Kf1 Qd8 69. Qc3 Qd1+ 70. Kg2 Nf4+ 71. Kh2 Qh5+ 0-1

[Event "Gibraltar Masters"]
[Site "Caleta ENG"]
[Date "2011.01.26"]
[Round "2.110"]
[White "Kuenitz, Klaus"]
[Black "Bihi, Mehdi"]
[Result "1/2-1/2"]
[WhiteElo "1695"]
[BlackElo "1936"]
[WhiteFideId "4640713"]
[BlackFideId "637076"]
[EventDate "2011.01.25"]

1. d4 Nf6 2. c4 e6 3. Nf3 d5 4. Nc3 Bb4 5. Bd2 O-O 6. e3 c5 7. a3 Bxc3 8. Bxc3
Ne4 9. Bd3 Nxc3 10. bxc3 cxd4 11. cxd4 Qa5+ 12. Qd2 Qxd2+ 13. Nxd2 b6 14. cxd5
exd5 15. O-O Ba6 16. Bxa6 Nxa6 17. Rfc1 Rfc8 18. Kf1 Kf8 19. Ke2 Nc7 20. Kd3 Nb5
21. a4 Nd6 22. f3 f5 23. e4 fxe4+ 24. fxe4 dxe4+ 25. Nxe4 Ke7 26. Nc3 Kd7 27.
Nb5 a6 28. Nxd6 Kxd6 29. Rxc8 Rxc8 30. Rb1 Rc6 31. Rf1 Rc7 32. Rf8 b5 33. Ra8
Rc6 34. axb5 axb5 35. Rb8 Rc1 36. Rb6+ Kc7 37. Rxb5 Rh1 38. h3 Rd1+ 39. Ke4 Re1+
40. Kd5 Re2 41. g4 Re3 42. Rc5+ Kd8 43. Ra5 Rxh3 44. Ra7 g5 45. Rg7 h5 46. Kd6
Ke8 47. Rg8+ Kf7 48. Rxg5 h4 49. Rh5 Rh1 50. d5 h3 51. Kd7 h2 52. d6 Kg6 53. Kd8 1/2-1/2

[Event "Gibraltar Masters"]
[Site "Caleta ENG"]
[Date "2011.01.26"]
[Round "2.111"]
[White "Henrichsen, Jens"]
[Black "Veiga Rodriguez, Pablo"]
[Result "1-0"]
[WhiteElo "1925"]
[BlackElo "1528"]
[WhiteFideId "1401858"]
[BlackFideId "32016050"]
[EventDate "2011.01.25"]

1. d4 d5 2. c4 Nf6 3. cxd5 Nxd5 4. Nf3 Bf5 5. Nc3 Nc6 6. a3 e6 7. Qb3 Nb6 8. e3
a6 9. Be2 Be7 10. O-O O-O 11. Qa2 Nd5 12. Nxd5 exd5 13. Bd2 Bf6 14. Rac1 Re8 15.
Rfe1 Re6 16. Qb3 b5 17. Rc5 Be7 18. Rxd5 Bd6 19. Rxf5 Ne7 20. Rxf7 Bxh2+ 21.
Kxh2 Qd6+ 22. Ne5 Nd5 23. Rf3 Rf8 24. Rxf8+ Kxf8 25. e4 Nf6 26. Bb4 1-0

[Event "Gibraltar Masters"]
[Site "Caleta ENG"]
[Date "2011.01.27"]
[Round "3.1"]
[White "Felgaer, Ruben"]
[Black "Ivanchuk, Vassily"]
[Result "1/2-1/2"]
[WhiteTitle "GM"]
[BlackTitle "GM"]
[WhiteElo "2585"]
[BlackElo "2764"]
[WhiteFideId "107069"]
[BlackFideId "14100010"]
[EventDate "2011.01.25"]
[EventType "swiss"]

1. e4 e5 2. Nf3 Nc6 3. Bb5 Nf6 4. d3 d6 5. O-O Be7 6. c3 a6 7. Ba4 O-O 8. Re1 b5
9. Bc2 d5 10. Nbd2 Re8 11. a4 Rb8 12. axb5 axb5 13. exd5 Qxd5 14. Ne4 Qd7 15.
Bg5 Nxe4 16. dxe4 Bxg5 17. Qxd7 Bxd7 18. Nxg5 f6 19. Nf3 b4 20. Red1 Red8 21.
Ba4 Be8 22. Ne1 Kf8 23. Nc2 bxc3 24. bxc3 Ra8 25. Rxd8 Nxd8 26. Bxe8 Rxa1+ 27.
Nxa1 Kxe8 28. Kf1 Ne6 29. Ke2 Kd7 30. Nb3 Kc6 31. g3 Kb5 32. Nd2 Nc5 33. f4 Kc6
34. fxe5 fxe5 35. Ke3 Nd7 36. Nf3 Kd6 37. Nd2 Nc5 38. Nc4+ Ke6 39. Nd2 Nd7 40.
Nf3 Nf6 41. Ng5+ Kd6 42. Nf7+ Ke6 43. Ng5+ 1/2-1/2

[Event "Gibraltar Masters"]
[Site "Caleta ENG"]
[Date "2011.01.27"]
[Round "3.2"]
[White "Vallejo Pons, Francisco"]
[Black "Buhmann, Rainer"]
[Result "1/2-1/2"]
[WhiteTitle "GM"]
[BlackTitle "GM"]
[WhiteElo "2698"]
[BlackElo "2572"]
[WhiteFideId "2205530"]
[BlackFideId "4651340"]
[EventDate "2011.01.25"]
[EventType "swiss"]

1. e4 e5 2. Nf3 Nc6 3. Bb5 Nf6 4. d3 Bc5 5. c3 O-O 6. O-O d5 7. Qe2 Re8 8. Bg5
a6 9. Ba4 dxe4 10. dxe4 h6 11. Rd1 Qe7 12. Bxc6 bxc6 13. Bxf6 Qxf6 14. Nbd2 a5
15. Ne1 a4 16. Nd3 Bb6 17. Nc4 Ba6 18. Nxb6 cxb6 19. b3 Bxd3 20. Qxd3 Red8 21.
Qe2 Rxd1+ 22. Rxd1 axb3 23. axb3 Rd8 24. h3 Rxd1+ 25. Qxd1 Qf4 26. Qd8+ Kh7 27.
Qxb6 Qc1+ 28. Kh2 Qxc3 29. Qc7 f6 30. f3 Qxb3 31. Qxc6 1/2-1/2

[Event "Gibraltar Masters"]
[Site "Caleta ENG"]
[Date "2011.01.27"]
[Round "3.3"]
[White "Short, Nigel D"]
[Black "Kosintseva, Tatiana"]
[Result "1-0"]
[WhiteTitle "GM"]
[BlackTitle "GM"]
[WhiteElo "2658"]
[BlackElo "2570"]
[WhiteFideId "400025"]
[BlackFideId "4133471"]
[EventDate "2011.01.25"]
[EventType "swiss"]

1. d4 Nf6 2. c4 e6 3. Nf3 d5 4. Nc3 Bb4 5. cxd5 exd5 6. Bg5 Nbd7 7. Qb3 c5 8. a3
Bxc3+ 9. Qxc3 c4 10. Qe3+ Qe7 11. Qxe7+ Kxe7 12. a4 h6 13. Bc1 a5 14. b3 cxb3
15. Nd2 b6 16. Ba3+ Kd8 17. e3 Ba6 18. Bxa6 Rxa6 19. Rb1 Ra8 20. Rxb3 Rc8 21. f3
Re8 22. Ke2 Rc6 23. Rc1 Rxc1 24. Bxc1 Re6 25. Kd3 Ne8 26. e4 Nc7 27. Ba3 Rc6 28.
Nb1 dxe4+ 29. fxe4 Rf6 30. Rb2 Rf1 31. Nc3 Ne6 32. Bd6 f6 33. Rc2 Re1 34. Bg3
Ra1 35. Kc4 Nc7 36. Bxc7+ Kxc7 37. Kd5 Nf8 38. Nb5+ Kd8 39. Rc7 Rxa4 40. Rxg7
Ra2 41. Kd6 Re2 42. Rb7 Kc8 43. Rxb6 1-0

[Event "Gibraltar Masters"]
[Site "Caleta ENG"]
[Date "2011.01.27"]
[Round "3.4"]
[White "Kulaots, Kaido"]
[Black "Fridman, Daniel"]
[Result "1/2-1/2"]
[WhiteTitle "GM"]
[BlackTitle "GM"]
[WhiteElo "2577"]
[BlackElo "2655"]
[WhiteFideId "4500261"]
[BlackFideId "11600454"]
[EventDate "2011.01.25"]
[EventType "swiss"]

1. e4 e5 2. Nf3 Nf6 3. Nxe5 d6 4. Nf3 Nxe4 5. d4 d5 6. Bd3 Nc6 7. O-O Be7 8. Re1
Bg4 9. c4 Nf6 10. Nc3 Bxf3 11. Qxf3 Nxd4 12. Qd1 dxc4 13. Bxc4 c5 14. Qa4+ Qd7
15. Qxd7+ Kxd7 16. Be3 Rhd8 17. Bxd4 cxd4 18. Bb5+ Kd6 19. Rad1 Bf8 20. Rxd4+
Kc7 21. Red1 Bc5 22. Rxd8 Rxd8 23. Rxd8 Kxd8 24. Bc4 Ke7 25. Nd5+ Nxd5 26. Bxd5
b6 27. a4 a5 28. Kf1 h6 29. Ke2 Kf6 30. b3 Ke7 1/2-1/2

[Event "Gibraltar Masters"]
[Site "Caleta ENG"]
[Date "2011.01.27"]
[Round "3.5"]
[White "Roiz, Michael"]
[Black "Rapport, Richard"]
[Result "1/2-1/2"]
[WhiteTitle "GM"]
[BlackTitle "GM"]
[WhiteElo "2649"]
[BlackElo "2531"]
[WhiteFideId "2804158"]
[BlackFideId "738590"]
[EventDate "2011.01.25"]
[EventType "swiss"]

1. d4 Nf6 2. Nf3 d5 3. c4 c6 4. e3 Bg4 5. h3 Bxf3 6. Qxf3 e6 7. Bd3 Bb4+ 8. Nc3
Nbd7 9. Bd2 O-O 10. a3 Ba5 11. O-O Re8 12. Qd1 dxc4 13. Bxc4 Bc7 14. Ba2 Nb6 15.
f4 Qe7 16. e4 Rad8 17. e5 Nfd5 18. Ne4 f5 19. Nc5 Rb8 20. Qf3 Nd7 21. Na4 Rbc8
22. Rac1 a6 23. g4 g6 24. gxf5 gxf5 25. Kh1 Kh8 26. Qh5 Rg8 27. Rg1 Rxg1+ 28.
Rxg1 Rg8 29. Rxg8+ Kxg8 30. b4 Qf7 1/2-1/2

[Event "Gibraltar Masters"]
[Site "Caleta ENG"]
[Date "2011.01.27"]
[Round "3.6"]
[White "Kosintseva, Nadezhda"]
[Black "Sandipan, Chanda"]
[Result "1-0"]
[WhiteTitle "IM"]
[BlackTitle "GM"]
[WhiteElo "2552"]
[BlackElo "2641"]
[WhiteFideId "4134974"]
[BlackFideId "5004225"]
[EventDate "2011.01.25"]
[EventType "swiss"]

1. e4 c5 2. Nf3 d6 3. d4 cxd4 4. Nxd4 Nf6 5. Nc3 a6 6. Bg5 e6 7. f4 Nbd7 8. Qe2
Qc7 9. O-O-O b5 10. f5 b4 11. fxe6 bxc3 12. exd7+ Bxd7 13. Qc4 cxb2+ 14. Kb1
Qxc4 15. Bxc4 Be7 16. Rhe1 Ng4 17. Bf4 O-O 18. Nf3 Bb5 19. Bxb5 axb5 20. Bxd6
Bxd6 21. Rxd6 Ra3 22. Kxb2 b4 23. Rd3 Rxd3 24. cxd3 Nf2 25. Rb1 Ra8 26. Ne1 Kf8
27. Ka1 Ra4 28. Rb3 Ke7 29. Nc2 Kd6 30. Nxb4 Kc5 31. Nc2 Ra7 32. Kb2 Rd7 33. d4+
Kc4 34. Rb4+ Kd3 35. d5 Ke2 36. Kb3 Nd3 37. Rd4 Nc1+ 38. Kb2 Nd3+ 39. Kc3 Rc7+
40. Rc4 Ra7 41. Nd4+ Ke3 42. Nf5+ Ke2 43. d6 Ne5 44. Rc5 f6 45. Rc7 Rxa2 46.
Rxg7 h5 47. Kd4 Rd2+ 48. Kc5 Kf2 49. h3 Rd3 50. Kb6 Rb3+ 51. Kc7 Rc3+ 52. Kd8
Rc4 53. Ke7 Rxe4 54. Kxf6 Nc6 55. g3 Kg2 56. h4 Kf3 57. Rc7 Nd8 58. Re7 Ra4 59.
Re8 Nc6 60. d7 1-0

[Event "Gibraltar Masters"]
[Site "Caleta ENG"]
[Date "2011.01.27"]
[Round "3.7"]
[White "Berg, Emanuel"]
[Black "Cmilyte, Viktorija"]
[Result "0-1"]
[WhiteTitle "GM"]
[BlackTitle "GM"]
[WhiteElo "2627"]
[BlackElo "2526"]
[WhiteFideId "1704060"]
[BlackFideId "12801259"]
[EventDate "2011.01.25"]
[EventType "swiss"]

1. e4 c5 2. Nc3 Nc6 3. f4 g6 4. Nf3 Bg7 5. Bb5 Nd4 6. O-O Nxb5 7. Nxb5 d6 8. d3
a6 9. Nc3 Nf6 10. Qe1 Bg4 11. Nh4 Bd7 12. h3 Bc6 13. a4 b6 14. f5 Qc7 15. Bg5
O-O-O 16. Rb1 Nh5 17. fxg6 Bd4+ 18. Be3 fxg6 19. Bxd4 cxd4 20. Nd5 Bxd5 21. exd5
Rdf8 22. Rxf8+ Rxf8 23. Nf3 Nf4 24. Kh2 Qb7 25. Qe4 Nxd5 26. Nxd4 e5 27. Ne6 Rf2
28. Kg1 Rxc2 29. Rf1 Nf4 30. Qxb7+ Kxb7 31. Nxf4 exf4 32. Rxf4 Rxb2 33. Rf7+ Kc6
34. Rxh7 Rb4 35. Rg7 Rxa4 36. Rxg6 b5 37. Kf2 b4 38. Ke3 Ra2 39. h4 b3 40. Rg8
a5 41. h5 Ra1 42. Rb8 a4 43. Kf4 Rh1 44. Kg5 Rh2 45. h6 Rxg2+ 46. Kf6 Rh2 47.
Kg7 b2 48. h7 a3 49. d4 a2 50. Rxb2 Rxh7+ 0-1

[Event "Gibraltar Masters"]
[Site "Caleta ENG"]
[Date "2011.01.27"]
[Round "3.10"]
[White "Sengupta, Deep"]
[Black "Gopal G.N."]
[Result "1-0"]
[WhiteTitle "GM"]
[BlackTitle "GM"]
[WhiteElo "2530"]
[BlackElo "2597"]
[WhiteFideId "5008352"]
[BlackFideId "5015693"]
[EventDate "2011.01.25"]
[EventType "swiss"]

1. e4 c5 2. Nf3 d6 3. d4 cxd4 4. Nxd4 Nf6 5. Nc3 a6 6. a4 Nc6 7. Be2 e5 8. Nxc6
bxc6 9. f4 a5 10. O-O Be7 11. Qe1 exf4 12. Bxf4 O-O 13. Qg3 Ne8 14. Rad1 Be6 15.
Kh1 Qc7 16. b3 Rd8 17. Rd3 Kh8 18. h3 f5 19. Bg5 Rd7 20. Rdf3 Bxg5 21. Qxg5 Nf6
22. exf5 Bg8 23. Bd3 d5 24. Ne2 Ne4 25. Bxe4 dxe4 26. Re3 Qd8 27. Qxd8 Rdxd8 28.
Ng3 c5 29. c4 Rd3 30. Rxd3 exd3 31. Rd1 h5 32. Nxh5 Rxf5 33. Ng3 Re5 34. Rxd3
Bf7 35. Kg1 Bg6 36. Rd8+ Kh7 37. Kf2 Bc2 38. Rb8 Bd1 39. Rb5 g6 40. Nf1 Re2+ 41.
Kg3 Rb2 42. Ne3 Bxb3 43. Nd5 g5 44. Nc3 Kg6 45. Kf3 Kh5 46. g3 Kg6 47. Ke3 Kh5
48. Ne4 Rb1 49. Nd2 Re1+ 50. Kf2 1-0